000 00743nam a2200253Ia 4500
003 OSt
005 20220930094325.0
006 a|||||r|||| 00| 0
007 ta
008 220926b |||||||| |||| 00| 0 urd d
024 _a71353
037 _cTheses
040 _aCRL
_cCRL
_burd
041 _2urd
_aurd
100 _aAhmad Imityaz Au.
_9555154
110 _aUniversity of Delhi. Arts Faculty. Department of Urdu
_9555155
245 0 _aShad Azim Aabadi ki nasri khidmat
260 _c2020
300 _a292p.
_ap.
_ccm.
700 _a Ahmad Imteyaz Gu.
_9555156
700 _aUniversity of Delhi. Arts Faculty. Department of Urdu
_9555157
942 _cDIS
_2CC
999 _c886923
_d886923